00342nam a2200109Ia 4500008004100000082000800041100002100049245004400070942000600114952009700120999001500217240331s9999 xx 000 0 und d bRAM aRamakrishnana, N 0aIrelandu :bennuru aandu viduthalai por cL 001040708LaWERCLbWERCLcSSCd2024-03-31l0o 322.4 RAMp1602r2024-03-31w2024-03-31yL c2373d2373